| 000 | 00926nam a22002297a 4500 | ||
|---|---|---|---|
| 003 | OSt | ||
| 005 | 20150408114006.0 | ||
| 008 | 120115t xxu||||| |||| 00| 0 eng d | ||
| 020 | _a9960804836 | ||
| 040 |
_aMU _bARA _cMB |
||
| 082 |
_221 _a235 |
||
| 100 |
_aالموصلي، عمر بن بدر بن سعيد، _d557-622 هـ. _99363 |
||
| 245 |
_aالجمع بين الصحيحين على ترتيب جامع الأصول _cلضياء الدين عمر بن بدر الموصلي ؛ تحقيق علي حسين البواب |
||
| 250 | _aط. 1 | ||
| 260 |
_aالرياض _bمكتبة المعارف _c1998 |
||
| 300 |
_a2 مج.(550، 536 ص.) _c24 سم |
||
| 600 |
_aالإمام مسلم، مسلم بن الحجاج بن مسلم، _d204-261 هـ. |
||
| 650 |
_aالحديث _xاسناد صحيح |
||
| 700 |
_aالبواب، علي حسين _eمحقق _91661 |
||
| 740 | _aجامع الاصول | ||
| 942 |
_2ddc _cBOOK |
||
| 999 |
_c20643 _d255143 |
||